स्वतन्त्रता सेनानी वीर आदिवासी (Record no. 293465)

MARC details
000 -LEADER
fixed length control field 00904nam a2200253Ia 4500
003 - CONTROL NUMBER IDENTIFIER
control field OSt
005 - DATE AND TIME OF LATEST TRANSACTION
control field 20220923211000.0
008 - FIXED-LENGTH DATA ELEMENTS--GENERAL INFORMATION
fixed length control field 220922b |||||||| |||| 00| 0 hin d
020 ## - INTERNATIONAL STANDARD BOOK NUMBER
International Standard Book Number 8170161797 (hbk)
037 ## - SOURCE OF ACQUISITION
Terms of availability Textual
040 ## - CATALOGING SOURCE
Original cataloging agency ARTS
Transcribing agency ARTS
Language of cataloging hin
041 ## - LANGUAGE CODE
Source of code hin
Language code of text/sound track or separate title hin
100 ## - MAIN ENTRY--PERSONAL NAME
Personal name दास, शिवतोष
9 (RLIN) 156809
245 #0 - TITLE STATEMENT
Title स्वतन्त्रता सेनानी वीर आदिवासी
246 ## - VARYING FORM OF TITLE
Title proper/short title Svatantratā senānī vīr ādivāsī
260 ## - PUBLICATION, DISTRIBUTION, ETC.
Place of publication, distribution, etc. नयी दिल्ली
Name of publisher, distributor, etc. किताबघर
Date of publication, distribution, etc. 1994
300 ## - PHYSICAL DESCRIPTION
Extent 132पृ.
Dimensions cm.
942 ## - ADDED ENTRY ELEMENTS (KOHA)
Classification part V2:51.N47, 152N4-;1
Koha item type Textual
Source of classification or shelving scheme Colon Classification (CC)
Holdings
Withdrawn status Lost status Damaged status Not for loan Home library Current library Date acquired Source of acquisition Cost, normal purchase price Total Checkouts Full call number Barcode Date last seen Cost, replacement price Price effective from Koha item type
        Arts Library Arts Library 2022-09-23 422, 28/02/2008, University Book House 80.00   V2:51.N47 152N4-;1 AL1345963 2022-09-23 80.00 2022-09-23 Textual
Copyright @ Delhi University Library System